000 00741nam a22002297a 4500
003 OSt
005 20221103155836.0
008 150522b xxu||||| |||| 00| 0 eng d
020 _a84-7506-582-1
040 _cBiblioteca Lado V
082 _a708
_bD631c
100 _9292
_aDoctor, Rafael
_edirector
130 _aLa Biennale di Venezia
_leng
245 _aCasa de America 2002/
_bAnuario de artes plásticas/
260 _bEspaña
_c2003
_aCOYDES
300 _a187p.
_c17x23cm
650 _2Tesauro de Arte & Arquitectura
_aARTES PLASTICAS
650 _2Tesauro de Arte & Arquitectura
_aANUARIO
650 _2Tesauro de Arte & Arquitectura
_aARTE
710 _aJoan Duran
_92735
942 _2ddc
_c1
_h708
_iD631c
_n0
999 _c2482
_d2482